000 01253nam a2200337Ia 4500
003 OSt
005 20221007121004.0
006 a|||||r|||| 00| 0
007 ta
008 221006b |||||||| |||| 00| 0 eng d
020 _a9783527318742 (pbk)
024 _a84729
037 _b063, 18/08/2009, N R Book Distributors
_cTextbook
040 _aBDL
_cBDL
_beng
041 _2eng
_aeng
082 _aG:11, P9 Carb
100 _aKlipp Edda
_9421328
245 0 _aSystems biology: A textbook
_b Liebermeister Wolfram Wierling Christoph Kowald Axel Herwig Ralf Lehrach Hans
260 _aWeinheim
_bWiley-Blackwell
_c2009
300 _axxi, 569p.
_ccm.
500 _aIncludes bibliographical references.; Index 553-569p.
650 _a Biology-life sciences
_9710425
650 _a Medicine-immunology
_9710426
650 _aCarb Botany
_9710427
700 _a Herwig Ralf
_9710428
700 _a Kowald Axel
_9710429
700 _a Liebermeister Wolfram
_9421329
700 _a Wierling Christoph
_9421330
942 _hG:11, P9 Carb
_cTB
_2CC
999 _c1208289
_d1208289